INTRODUCTION TO OPERATIONS RESEARCH (Record no. 14325)

MARC details
000 -LEADER
fixed length control field 00380nam a22001577a 4500
003 - CONTROL NUMBER IDENTIFIER
control field SGT
020 ## - INTERNATIONAL STANDARD BOOK NUMBER
International Standard Book Number 978-0-07-133346-7
082 ## - DEWEY DECIMAL CLASSIFICATION NUMBER
Classification number 003
Item number HIL
100 ## - MAIN ENTRY--PERSONAL NAME
Personal name HILLIER,FREDERICK .S
245 ## - TITLE STATEMENT
Title INTRODUCTION TO OPERATIONS RESEARCH
250 ## - EDITION STATEMENT
Edition statement 9TH
260 ## - PUBLICATION, DISTRIBUTION, ETC. (IMPRINT)
Place of publication, distribution, etc NEW DELHI
Name of publisher, distributor, etc MC-GRAW HILL EDUCATIONS
Year of Publication 2015
300 ## - PAGE DESCRIPTION
No. of Pages 1102
650 ## - SUBJECT ADDED ENTRY--TOPICAL TERM
Topical term or geographic name as entry element MECHANICAL ENGINEERING
942 ## - ADDED ENTRY ELEMENTS (KOHA)
Source of classification or shelving scheme Dewey Decimal Classification
Koha item type Books
Holdings
Withdrawn status Lost status Source of classification or shelving scheme Damaged status Not for loan Collection code Home library Current library Shelving location Date acquired Vendor Name Cost, normal purchase price SGTU Bill Number Total Checkouts Full call number Accession No. (Barcode) Date last seen Date last borrowed Bill Date Koha item type
    Dewey Decimal Classification     ENGINEERING SGT Engineering Library SGT Engineering Library Text Book 28/12/2017 KIRTI PRAKASHAN (NEW DELHI ) 699.00 SGTU IN1297 1 003 HIL FE6876 04/12/2019 29/11/2019   Books
    Dewey Decimal Classification     ENGINEERING SGT Engineering Library SGT Engineering Library Text Book 28/12/2017 KIRTI PRAKASHAN (NEW DELHI ) 699.00 SGTU IN1297   003 HIL FE6877 28/12/2017     Books
    Dewey Decimal Classification     ENGINEERING SGT Engineering Library SGT Engineering Library Text Book 28/12/2017 KIRTI PRAKASHAN (NEW DELHI ) 699.00 SGTU IN1297   003 HIL FE6878 28/12/2017     Books
    Dewey Decimal Classification     ENGINEERING SGT Engineering Library SGT Engineering Library Text Book 28/12/2017 KIRTI PRAKASHAN (NEW DELHI ) 699.00 SGTU IN1297   003 HIL FE6879 28/12/2017     Books
    Dewey Decimal Classification     ENGINEERING SGT Engineering Library SGT Engineering Library Text Book 28/12/2017 KIRTI PRAKASHAN (NEW DELHI ) 699.00 SGTU IN1297   003 HIL FE6880 28/12/2017     Books